Historia de una semilla / (Registro nro. 15885)

Detalles MARC
000 -CABECERA
campo de control de longitud fija 01274nam a22003617a 4500
001 - NÚMERO DE CONTROL
campo de control 0011415
003 - IDENTIFICADOR DEL NÚMERO DE CONTROL
campo de control DO-SdBPM
005 - FECHA Y HORA DE LA ÚLTIMA TRANSACCIÓN
campo de control 20260527125612.0
007 - CAMPO FIJO DE DESCRIPCIÓN FÍSICA--INFORMACIÓN GENERAL
campo de control de longitud fija ta
008 - DATOS DE LONGITUD FIJA--INFORMACIÓN GENERAL
campo de control de longitud fija 160921b 2007 co 00| 0 spa d
020 ## - NÚMERO INTERNACIONAL ESTÁNDAR DEL LIBRO
Número Internacional Estándar del Libro 9789707709119
040 ## - FUENTE DE LA CATALOGACIÓN
Centro catalogador/agencia de origen
Lengua de catalogación spa
Centro/agencia transcriptor BPMSU
082 04 - NÚMERO DE LA CLASIFICACIÓN DECIMAL DEWEY
Número de clasificación 581.467
Número de documento/Ítem Y22h 2007
Número de edición 22
100 1# - ENTRADA PRINCIPAL--NOMBRE DE PERSONA
Nombre de persona Yang, Yeon-Ju.
Código de función/relación aut.
Término indicativo de función/relación autora
245 10 - MENCIÓN DE TÍTULO
Título Historia de una semilla /
Mención de responsabilidad, etc. Yang Yeon-Ju ; ilustradora Hong Seoung-Ji ; asesora Eun-Ju Lee ; traducción Alquimia Ediciones.
Resto del título
264 ## - PRODUCCIÓN, PUBLICACIÓN, DISTRIBUCIÓN, FABRICACIÓN Y COPYRIGHT
Producción, publicación, distribución, fabricación y copyright Corea del Sur :
Nombre del de productor, editor, distribuidor, fabricante Santillana Ediciones Generales ,
Fecha de producción, publicación, distribución, fabricación o copyright 2007
300 ## - DESCRIPCIÓN FÍSICA
Extensión [32] páginas:
Otras características físicas ilustraciones;
Dimensiones 27 cm
336 ## - TIPO DE CONTENIDO
Término de tipo de contenido texto
Código de tipo de contenido txt
Fuente rdacontent
337 ## - TIPO DE MEDIO
Nombre/término del tipo de medio sin mediación
Código del tipo de medio n
Fuente rdamedia
338 ## - TIPO DE SOPORTE
Nombre/término del tipo de soporte volumen
Código del tipo de soporte nc
Fuente rdacarrier
490 0# - MENCIÓN DE SERIE
Mención de serie Click click. Ciencia básica
500 ## - NOTA GENERAL
Nota general En la carátula : Plantas : agricultura.
534 ## - NOTA SOBRE LA VERSIÓN ORIGINAL
Frase introductoria Título original :
Mención de título del original Story of a seed.
590 ## - NOTA LOCAL (RLIN)
Nota local Inventariadoj, 2026/VM
650 #7 - PUNTO DE ACCESO ADICIONAL DE MATERIA--TÉRMINO DE MATERIA
Subdivisión de forma Literatura juvenil.
Término de materia o nombre geográfico como elemento de entrada Hombres prehistóricos
650 #7 - PUNTO DE ACCESO ADICIONAL DE MATERIA--TÉRMINO DE MATERIA
Término de materia o nombre geográfico como elemento de entrada Semilllas
Subdivisión de forma Literatura juvenil.
650 #4 - PUNTO DE ACCESO ADICIONAL DE MATERIA--TÉRMINO DE MATERIA
Término de materia o nombre geográfico como elemento de entrada
700 1# - PUNTO DE ACCESO ADICIONAL--NOMBRE DE PERSONA
Nombre de persona Fernández Guerrero, Norma, $eeditor.
Término indicativo de función/relación editor
700 1# - PUNTO DE ACCESO ADICIONAL--NOMBRE DE PERSONA
Nombre de persona Eun-Ju, Lee.
Término indicativo de función/relación
700 1# - PUNTO DE ACCESO ADICIONAL--NOMBRE DE PERSONA
Nombre de persona Hong, Seoung-Ji
Término indicativo de función/relación ilustrador.
910 ## - DATOS DE OPCIÓN DEL USUARIO (OCLC)
Datos de opción del usuario VMateo V. Control de calidad BPMSU
942 ## - ELEMENTOS DE PUNTO DE ACCESO ADICIONAL (KOHA)
Fuente del sistema de clasificación o colocación Dewey Decimal Classification
Tipo de ítem Koha Libros
Existencias
Estado de retiro Estado de pérdida Fuente del sistema de clasificación o colocación No para préstamo Código de colección Localización permanente Ubicación/localización actual Fecha de adquisición Total de préstamos Signatura topográfica completa Código de barras Fecha visto por última vez Precio válido a partir de Tipo de ítem Koha Número de copia
    Dewey Decimal Classification   Colección Juvenil General Biblioteca Pública Metropolitana Salomé Ureña Biblioteca Pública Metropolitana Salomé Ureña 05/27/2026   BPMSU CJG 581.467 Y22h 2007 BPMSU26050125 05/27/2026 05/27/2026 Libros  
    Dewey Decimal Classification   Colección Juvenil General Biblioteca Pública Metropolitana Salomé Ureña Biblioteca Pública Metropolitana Salomé Ureña 05/27/2026   BPMSU CJG 581.467 Y22h 2007 BPMSU26050126 05/27/2026 05/27/2026 Libros e.2